Geography Quiz

Random Geography or City Quiz

Ohio Counties by Region-Central Quiz Stats

 Plays Quiz not verified by Sporcle

Score 0/17 Timer 12:00
0 Plays Today
City County % Correct
Columbus, Canal Winchester, Hilliard, DublinFranklin
100%
Mt. VernonKnox
100%
Powell, SunburyDelaware
100%
LondonMadison
93.3%
NewarkLicking
93.3%
WaldoMarion
86.7%
Mt. GileadMorrow
86.7%
MarysvilleUnion
86.7%
KentonHardin
86.7%
City County % Correct
UrbanaChampaign
86.7%
CirclevillePickaway
86.7%
ChilicotheRoss
86.7%
Washington Court House, JeffersonvilleFayette
83.3%
Galion, BucyrusCrawford
80%
BellefontaineLogan
80%
Warsaw, Canal LewisvilleCoshocton
66.7%
Lancaster, Pickerington, BaltimoreFairfield
66.7%

You're not logged in!

Compare scores with friends on all Sporcle quizzes.
OR
Log In

You Might Also Like...

Show Comments

Extras

Created Jan 5, 2018ReportNominate
Tags:City Quiz, central, county, ohio

Top Quizzes Today


Score Distribution

Your Account Isn't Verified!

In order to create a playlist on Sporcle, you need to verify the email address you used during registration. Go to your Sporcle Settings to finish the process.

Report this User

Report this user for behavior that violates our Community Guidelines.

Details: